000 00742nam a2200217Ii 4500
003 JO-AjNU
008 230605s9999||||xx |||||||||||||| ||und||
017 _a2008/7/2329
020 _a9789-9957-33
040 _aJO-AjNU
_bara
_erda
_cJO-AjNU
041 _aara
050 1 4 _aG155.J6.B39 2009
100 3 _aبظاظو، إبراهيم,
_eauthor
_950963
245 0 0 _aالتخطيط والتسويق السياحي باستخدام GIS
264 3 1 _aعمان: مؤسسة الوراق، 2009
300 _a341ص
_bصور توضيحية
336 _atext
_btxt
_2rdacontent
337 _aunmediated
_bn
_2rdamedia
338 _avolume
_bnc
_2rdacarrier
650 4 _aصناعة السياحة-السياحة- تنمية سياحية
_950964
999 _aA22482
_c26050
_d26050